| 000 | 00564nam a2200217Ia 4500 | ||
|---|---|---|---|
| 005 | 20250219031407.0 | ||
| 008 | 240331s9999 xx 000 0 und d | ||
| 082 |
_bGOR _243 _a305.4 |
||
| 245 | 0 |
_aWomen in Sexist Society: _bStudies in Power and Powerlessness |
|
| 260 |
_aNew York _bNew American Library _c1971 |
||
| 300 | _axxxii, 704 p., | ||
| 650 | _aWomen | ||
| 650 | _aSociety | ||
| 650 | _aPsychology | ||
| 650 | _aFeminism | ||
| 650 | _aWorking Women | ||
| 650 | _aMarriage | ||
| 700 |
_aGornick, V _eedt |
||
| 700 |
_aMoran, B. K _eedt |
||
| 942 | _cL | ||
| 999 |
_c1737 _d1737 |
||